Las Bodas de plata de la Granja Escuela de Caldas de Montbuy
Colección:
San Jorge,
; núm. 9 (gener 1953), pàg 78-79
Materias:
Escola Pràctica d'Agricultura (Caldes de Montbui) -- Història
; Escola Pràctica d'Agricultura (Caldes de Montbui) -- Aniversaris, etc.
; Escoles d'agronomia -- Caldes de Montbui (Catalunya)
; Agricultura -- Ensenyament -- Barcelona (Província)
Idioma:
Español
MARC
| LEADER | 00000naa a2200000 a 4500 | ||
|---|---|---|---|
| 003 | Arxiu | ||
| 005 | 20260324181042.0 | ||
| 008 | 160829s1953 spc xx s spa c | ||
| 040 | |a agdb | ||
| 245 | 0 | 4 | |a Las Bodas de plata de la Granja Escuela de Caldas de Montbuy |
| 490 | |a San Jorge, |v núm. 9 (gener 1953), pàg 78-79 | ||
| 610 | 2 | 0 | |9 54694 |a Escola Pràctica d'Agricultura (Caldes de Montbui) |x Història |
| 610 | 2 | 0 | |9 54685 |a Escola Pràctica d'Agricultura (Caldes de Montbui) |x Aniversaris, etc. |
| 650 | 0 | |a Escoles d'agronomia |x Caldes de Montbui (Catalunya) |9 24027 | |
| 650 | 0 | |a Agricultura |x Ensenyament |x Barcelona (Província) |9 30524 |2 Arxiu | |
| 773 | |g Núm. 9 (gener 1953), pàg 78-79 |t San Jorge. | ||
| 901 | |a Arxiu | ||
| 942 | |n 1 |2 udc |c ART | ||
| 952 | |0 0 |1 0 |4 0 |6 REV508 |7 1 |9 64338 |a Arxiu |b Arxiu |d 2022-11-23 |o Rev-508 |r 2022-11-23 00:00:00 |w 2022-11-23 |y ARXIU |z També disponible a Rev-522 | ||
| 999 | |c 49872 |d 49872 | ||